[Event "Landesliga U20 Sued 1112"]
[Site "Bayern"]
[Date "2011.11.12"]
[Round "1.4"]
[White "Koehler, Max"]
[Black "Steinmann, Anna"]
[Result "1-0"]
[WhiteElo "1615"]
[BlackElo "1257"]
[PlyCount "75"]
[EventDate "2011.11.12"]
[EventType "team-tourn"]
[EventRounds "7"]
[EventCountry "GER"]
[SourceTitle "EXT 2022"]
[Source "ChessBase"]
[SourceDate "2021.10.06"]
[SourceVersion "1"]
[SourceVersionDate "2021.10.06"]
[SourceQuality "1"]
[WhiteTeam "Muenchen Tarrasch U20"]
[BlackTeam "Vaterstetten SC U20 II"]
[WhiteTeamCountry "GER"]
[BlackTeamCountry "GER"]

1. e4 e5 2. Nf3 Nc6 3. Bb5 Nf6 4. d3 Bc5 5. Bg5 0-0 6. 0-0 d6 7. Nc3 Be6 8. Qd2 Nd4 9. Kh1 Nxf3 10. gxf3 c6 11. Ba4 d5 12. exd5 Bxd5 13. Nxd5 Qxd5 14. Qe2 Nh5 15. Bb3 Qd7 16. Qxe5 Bd6 17. Qe4 Qh3 18. Qh4 Qxf3+ 19. Kg1 h6 20. Bd2 g5 21. Qe4 Qh3 22. Qg6+ Ng7 23. Qxd6 Nf5 24. Qg6+ Ng7 25. Qe4 Nf5 26. Bc3 Nh4 27. Rae1 Nf3+ 28. Qxf3 Qxf3 29. Re3 Qg4+ 30. Rg3 Qf5 31. f4 Qc5+ 32. d4 Qd6 33. fxg5 Rae8 34. Rf6 Qe7 35. Rg6+ Kh7 36. Rxh6+ Kg7 37. d5+ Kg8 38. Rh8# 1-0